Rendimiento de pasto llorón, Eragrostis curvula (Nees) cv. Ermelo, en función de algunas propiedades edáficas. /
Guardado en:
| Autor Principal: | |
|---|---|
| Autor Corporativo: | |
| Otros Autores: | , |
| Formato: | Artículo |
| Idioma: | Spanish |
| Publicado: |
1983.
|
| Acceso en línea: | Acceso a texto completo |
| Etiquetas: |
Agregar Etiqueta
Sin Etiquetas, Sea el primero en etiquetar este registro!
|
| LEADER | 00974nab a22002295a 4500 | ||
|---|---|---|---|
| 001 | EEA.libagro010998 | ||
| 008 | 180704s1983####ag############0###0#spa#d | ||
| 005 | 20211209172335.0 | ||
| 245 | 1 | 0 | |a Rendimiento de pasto llorón, Eragrostis curvula (Nees) cv. Ermelo, en función de algunas propiedades edáficas. / |c C.A. Merino, R.A. Rosell, A.O. Gargano. |
| 260 | |c 1983. | ||
| 300 | |a p. : |b il. ; |c 25 cm. | ||
| 500 | |a Publicaciones del LAHBIS. | ||
| 530 | |a Disponible también en línea. | ||
| 773 | 0 | |7 ||as |t Turrialba |x 0041-4360 |g v. 33(2), pp. 117-128 | |
| 100 | 1 | |a Merino, Carlos A. | |
| 700 | 1 | |a Rosell, Ramón Antonio. | |
| 700 | 1 | |a Gargano, Alfredo O. | |
| 710 | 2 | |a Universidad Nacional del Sur. |b Departamento de Ciencias Agrarias. |b Laboratorio de Humus y Biodinámica del Suelo. | |
| 082 | 0 | 4 | |a 631.417 |
| 082 | 0 | 4 | |a 635.26 |
| 856 | 4 | 1 | |3 Acceso a texto completo |u http://orton.catie.ac.cr/repdoc/A0782e/A0782e02.html |
| 859 | |a AR-BbBCA |b BIB. AGRONOMIA |h 631.417 |i B151 3 |p 1996/2684 | ||
